Central Library OPAC University of Rajshahi

Bioethics : (Record no. 67766)

MARC details
000 -LEADER
fixed length control field 00845nam a2200253 a 4500
001 - CONTROL NUMBER
control field 67766
003 - CONTROL NUMBER IDENTIFIER
rucl marc code BD-RjUL
005 - DATE AND TIME OF LATEST TRANSACTION
control field 20211209081706.0
008 - FIXED-LENGTH DATA ELEMENTS--GENERAL INFORMATION
fixed length control field 170328s1981 njua b 000 0 eng
020 ## - INTERNATIONAL STANDARD BOOK NUMBER
International Standard Book Number 0809119706 (pbk.)
035 ## - SYSTEM CONTROL NUMBER
System control number (BD-RjUL)67975
040 ## - CATALOGING SOURCE
Original cataloging agency DLC
Transcribing agency DLC
Modifying agency DLC
-- BD-RjUL
Language of cataloging eng
041 ## - LANGUAGE CODE
Language code of text/sound track or separate title eng
082 00 - DEWEY DECIMAL CLASSIFICATION NUMBER
Edition number 23
Classification number 174.2
Author mark and year BIO 1981
245 00 - TITLE STATEMENT
Title Bioethics :
Remainder of title basic writings on the key ethical questions that surround the major, modern biological possibilities and problems /
Statement of responsibility, etc. edited by Thomas A. Shannon.
250 ## - EDITION STATEMENT
Edition statement Rev.
260 ## - PUBLICATION, DISTRIBUTION, ETC. (IMPRINT)
Place of publication, distribution, etc. Ramsey, N.J. :
Name of publisher, distributor, etc. Paulist Press,
Date of publication, distribution, etc. c1981.
300 ## - PHYSICAL DESCRIPTION
Pagination x, 632 p. :
Illustrations ill. ;
Size 23 cm.
504 ## - BIBLIOGRAPHY, ETC. NOTE
Bibliography, etc Includes bibliographies.
650 #0 - SUBJECT ADDED ENTRY--TOPICAL TERM
Topical term or geographic name as entry element Medical ethics.
9 (RLIN) 138947
Topical term or geographic name as entry element Bioethics.
9 (RLIN) 200900
700 1# - ADDED ENTRY--PERSONAL NAME
Personal name Shannon, Thomas A.
Fuller form of name (Thomas Anthony),
Dates associated with a name 1940-
942 ## - ADDED ENTRY ELEMENTS (KOHA)
Source of classification or shelving scheme Dewey Decimal Classification
Koha item type Books
Holdings
Lost status Source of classification or shelving scheme Damaged status Not for loan Collection code Permanent Location Current Location Shelving location Date acquired Total Checkouts Full call number Date last seen Copy number Koha item type
  Dewey Decimal Classification   Not For Loan Non-fiction Central Library, University of Rajshahi Central Library, University of Rajshahi Reading Room 29/06/1989   174.2 BIO 1981 28/03/2017 C-1 Books